Los muertos también hablan (Record no. 18916)

MARC details
000 -LEADER
campo de control de longitud fija 00975nam a2200289 i 4500
001 - NÚMERO DE CONTROL
campo de control 18916
003 - IDENTIFICADOR DE NÚMERO DE CONTROL
campo de control ES-MaACL
005 - FECHA Y HORA DE LA ÚLTIMA TRANSACCIÓN
campo de control 20250727025116.0
007 - CAMPO FIJO DE DESCRIPCIÓN FÍSICA--INFORMACIÓN GENERAL
campo de control de longitud fija t|
008 - DATOS DE LONGITUD FIJA--INFORMACIÓN GENERAL
campo de control de longitud fija 020410s2001 sp ||||1| spa d
020 ## - NÚMERO INTERNACIONAL ESTÁNDAR DEL LIBRO
Número Internacional Estándar del Libro 84-8428-110-8
080 ## - NÚMERO DE LA CLASIFICACIÓN DECIMAL UNIVERSAL
Número de la Clasificación Decimal Universal 929 Maples, William R.
080 ## - NÚMERO DE LA CLASIFICACIÓN DECIMAL UNIVERSAL
Número de la Clasificación Decimal Universal 340.64.096:572
100 1# - ENTRADA PRINCIPAL--NOMBRE DE PERSONA
Nombre de persona Maples, William R.
9 (RLIN) 76272
245 14 - MENCIÓN DEL TÍTULO
Título Los muertos también hablan
Resto del título : memorias de un antropólogo forense /
Mención de responsabilidad, etc. William R. Maples, Michael Browning ; traducción de Fernando Borrajo Castanedo.
250 ## - MENCION DE EDICION
Mención de edición 1ª ed.
260 ## - PUBLICACIÓN, DISTRIBUCIÓN, ETC.
Lugar de publicación, distribución, etc. Barcelona :
Nombre del editor, distribuidor, etc. Alba,
Fecha de publicación, distribución, etc. 2001.
300 ## - DESCRIPCIÓN FÍSICA
Extensión 338 p. ;
Dimensiones 22 cm.
490 1# - MENCIÓN DE SERIE
Mención de serie A trayectos. Serie Supervivencias ;
Designación de volumen o secuencia 33
600 14 - PUNTO DE ACCESO ADICIONAL DE MATERIA--NOMBRE DE PERSONA
Nombre de persona Maples, William R.
9 (RLIN) 76272
650 17 - PUNTO DE ACCESO ADICIONAL DE MATERIA--TÉRMINO DE MATERIA
Término de materia o nombre geográfico como elemento de entrada Antropología forense
Fuente del encabezamiento o término embne
9 (RLIN) 166679
700 1# - ENTRADA AGREGADA--NOMBRE PERSONAL
Nombre de persona Browning, Michael.
9 (RLIN) 32035
700 1# - ENTRADA AGREGADA--NOMBRE PERSONAL
Nombre de persona Borrajo Castanedo, Fernando.
9 (RLIN) 30546
830 0# - PUNTO DE ACCESO ADICIONAL DE SERIE-TÍTULO UNIFORME
Título uniforme A trayectos
Designación de volumen o secuencia 33
9 (RLIN) 189000
852 ## - LOCALIZACIÓN
Ubicación ES-MaACL
Número de control de estantería L-25401
Sublocalización o colección R.130766
Holdings
Estatus retirado Estado de pérdida Estado de daño No para préstamo Biblioteca de origen Biblioteca actual Ubicación en estantería Fecha de adquisición Fuente de adquisición Total de préstamos Signatura topográfica completa Código de barras Visto por última vez Precio de reemplazo Tipo de ítem Koha
        Biblioteca del Ateneo de Madrid Biblioteca del Ateneo de Madrid Depósito 2 17/01/2008     L-25401 1019354 23/02/2023 23/02/2023 Libro impreso